01312nam a22003017a 450000500170000000800410001702000180005805000210007608200190009724500730011625000180018926000320020730000420023950001210028150001140040250400370051650501180055365000410067165000150071265000340072765000280076165000260078970000370081570000450085270000420089770000360093970000350097520231102151950.0160808t2015 mx a||||r|||||||| 0 spa d a9786073234269 4aQA37.7bM37 2015 4a510bM416 201510aMatemáticas Simplificadasc/ Arturo Aguilar Márquez ... [et al.] a4a. edición 3aMéxicob: Pearsonc, 2015 axxvi, 1614 páginasb: ilustraciones aEl Colegio Nacional de Matemáticas (CONAMAT) reúne a sus docentes con mayor experiencia para escribir este libro aIncluye: solución a los ejercios (pp. 1441 - 1602), tablas de logaritmos y antilogaritmos (pp. 1603 - 1611) abibliografía (pp. 1613 - 1614) aAritmética Álgebra Geometría y trigonometría Geometría analítica Calculo diferencial Calculo integral14aMATEMÁTICASxESTUDIO Y ENSEÑANZA24aARITMETICA24aGEOMETRÍA Y TRIGONOMETRÍA24aGEOMETRÍA ANALÍTICA24aCÁLCULO DIFERENCIAL1 aAguilar Márquez, Arturoeautor1 aBravo Vázquez, Fabián Valapaieautor1 aGallegos Ruiz, Herman Aurelio eautor1 aCerón Villegas, Migueleautor1 aReyes Figueroa, Ricardoeautor